| 000 | 00539nam a22001817a 4500 | ||
|---|---|---|---|
| 999 |
_c13707 _d13707 |
||
| 003 | AR-CdUCM | ||
| 008 | 190416b ||||| |||| 00| 0 spa d | ||
| 040 |
_aMUNICIPALIDAD PROVINCIAL DEL CUSCO _cBIBLIOTECA MUNICIPAL DEL CUSCO |
||
| 082 |
_aC / 869.56 / _bB12 |
||
| 100 |
_aBacacorzo, Xavier _95182 |
||
| 245 | _aIra y amor por la sangre de Camboya / | ||
| 260 |
_aLima : _bPalabra y fuego, _c1970. |
||
| 300 |
_a10 hojas, _c22 cm. |
||
| 505 | _aPoesía. | ||
| 650 |
_aPoesía. _9139 |
||
| 942 |
_2ddc _cFOLLETOS |
||
| 945 |
_awfj _d2019-04-16 |
||